| 000 | 02497cam a2200409 a 4500 | ||
|---|---|---|---|
| 005 | 20260322212046.0 | ||
| 008 | data | ||
| 010 | _a 2008002985 | ||
| 015 |
_aGBA894036 _2bnb |
||
| 016 | 7 |
_a014680519 _2Uk |
|
| 020 | _a9780810972940 | ||
| 020 | _a0810972948 | ||
| 040 |
_aDLC _cDLC _dDLC _dBAKER _dBTCTA _dUKM _dYDXCP _dJED _dGPI _dZJI _dQ2Z _dCQU _dDLC |
||
| 043 | _an-us--- | ||
| 050 | 0 | 0 |
_aTR726.T7 _bP35 2008 |
| 082 | 0 | 0 |
_a779/.30973 _222 |
| 092 | _a779.3 Pal 2008 | ||
| 100 | 1 |
_aPalmer, Tim, _d1948- |
|
| 245 | 1 | 0 |
_aTrees & forests of America / _cTim Palmer. |
| 246 | 3 | _aTrees and forests of America | |
| 260 |
_aNew York : _bAbrams, _c2008. |
||
| 300 |
_a223 p. : _bcol. ill. , 1 col. map ; _c30 cm. |
||
| 500 | _aMap on lining paper. | ||
| 504 | _aIncludes bibliographical references and index. | ||
| 505 | 0 | _aThe way to the woods -- Arboreal visions of wild America -- The life of a tree -- The nature of the forest -- Sylvania -- The Northern forest -- Central hardwoods and the Appalachians -- The South -- Rocky Mountains -- Drylands and deserts -- Sierra Nevada and Southern California -- The Northwest -- Alaska and Hawaii --Remnants and regrowth -- Seeing the trees and the forest. | |
| 520 | _aTrees & Forests of America is an unprecedented collection of 200 stunning photographs by award-winning author Tim Palmer. Along with breath-taking images, his expressive text celebrates the exquisite beauty of nature and explains why trees and forests are important to all life. In this remarkable volume of unaltered photos it is easy to get lost in sunbeams shining through green canopies or in the sky-reaching rise of the largest living organisms on earth. | ||
| 600 | 1 | 0 |
_aPalmer, Tim, _d1948- |
| 650 | 0 | _aPhotography of trees. | |
| 650 | 0 |
_aTrees _zUnited States _vPictorial works. |
|
| 650 | 0 |
_aForests and forestry _zUnited States _vPictorial works. |
|
| 856 | 4 | 2 |
_3Contributor biographical information _uhttp://www.loc.gov/catdir/enhancements/fy1003/2008002985-b.html |
| 856 | 4 | 2 |
_3Publisher description _uhttp://www.loc.gov/catdir/enhancements/fy1003/2008002985-d.html |
| 906 |
_a7 _bcbc _corignew _d1 _eecip _f20 _gy-gencatlg |
||
| 925 | 0 |
_aacquire _b2 shelf copies _xpolicy default |
|
| 955 |
_ejf04 2008-01-22 to Dewey _frc10 2009-12-03 Z-CipVer |
||
| 001 | data | ||
| 999 |
_c1091 _d1091 |
||